000 00344nam a2200133Ia 4500
005 20260326100036.0
008 260326s9999||||xx |||||||||||||| ||und||
100 _aZapata, Fredy
245 0 _aEntre Hitos y Objetos - 2003 /
_cFredy Zapata
260 _bUniversidad de los Andes
300 _a191 p.
650 _aDISEÑO INDUSTRIAL
942 _cBK
999 _c6813
_d6813